000 00274nam a22001217a 4500
008 170612b xxu||||| |||| 00| 0 eng d
041 _aeng
080 _a328
100 _a19
101 _aSHP
245 _aGOVERNMENT ACADEMIC AND INDUSTRY
_cMARCY.W
942 _2udc
_cBK
999 _c16892
_d16892